Statistiques concernant Villes françaises commençant par "Co"

Cliquez ici pour prendre le quiz!

Statistiques générales

  • Ce quiz a été pris 213 fois
  • Le résultat moyen est 7 sur 17

Statistiques - réponses

IndiceVille% Correct
68Colmar
75%
92Colombes
59%
93 - La .....Courneuve
56%
78 ..... Sainte HonorineConflans
55%
16Cognac
53%
60Compiègne
47%
31Colomiers
39%
92Courbevoie
39%
91Corbeil
38%
29Concarneau
36%
50Coutances
34%
63 .... d'AuvergneCournon
32%
95 .... en ParisisCormeilles
31%
77 ... la VilleCombs
25%
77Coulommiers
25%
91Courcouronnes
14%
44Coueron
12%

Distribution des résultats

Percentile par nombre de réponses

% des personnes avec chaque résultat

Votre développement - résultats

Vous n’avez pas pris ce quiz